zpět

Detail výsledku týmu

A-Sport, Hradec Králové

Datum a čas kvízu

24.5 Celkem bodů Celkový počet nahraných bodů na tomto kvízu bez doplňovacích otázek.
10. Pořadí na kvízu Konečné umístění týmu na tomto kvízu.

Zaznamenané odpovědi

# Otázka Odpověď Body Výsledky
1. Při úřadu vlády vznikne komise... Ďáblický hřbitov 0
2. V Kuvajtu byla v pondělí novin... Byla vytvořena pomocí umělé inteligence. 0
3. Agáta Prachařová povila minulý... Rozárie 1
4. Ve které zemi byl minulý týden... ve Finsku 1
5. Šestý zápas mimořádně zajímavé... ve 4. prodloužení 1
6. Pokračujeme představováním fil... Krakov 0
7. Sedmý film žebříčku byl natoče... Mario Puzo, Corleone 0.5
8. Jak se jmenuje původem český h... Jiří Voskovec 1
9. Jediný francouzský film a prvn... Nedotknutelní 1
10. Napište název sbírky povídek s... Hovno hoří 0